| 000 | 01425cam a22002898a 4500 | ||
|---|---|---|---|
| 003 | OSt | ||
| 005 | 20240530110427.0 | ||
| 008 | 121102s2013 paua f b 001 0 eng | ||
| 020 | _a9781455706310 (pbk. : alk. paper) | ||
| 035 | _a(DNLM)101595157 | ||
| 040 |
_aEG-CaGPL _cEG-CaGPL |
||
| 042 | _apcc | ||
| 082 | 0 | 4 |
_221 _a611.018\ _bO N |
| 100 | 1 | _aOvalle, William K. | |
| 245 | 1 | 0 |
_aNetter's essential histology / _cWilliam K. Ovalle, Patrick C. Nahirney ; illustrations by Frank H. Netter, contributing illustrators, Joe Chovan ... [et al.]. |
| 246 | 1 | _aEssential histology | |
| 250 | _a2nd ed. | ||
| 260 |
_aPhiladelphia, PA : _bElsevier/Saunders, _cc2013. |
||
| 263 | _a1304 | ||
| 300 |
_ap417. : _bill. col ; _c28 cm. |
||
| 504 | _aIncludes bibliographical references and index. | ||
| 505 | 0 | _aThe Cell -- Epithelium and exocrine glands -- Connective tissue -- Muscle tissue -- Nervous tissue -- Cartilage and bone -- Blood and bone marrow -- Cardiovascular system -- Lymphoid system -- Endocrine system -- Integumentary system -- Upper digestive system -- Lower digestive system -- Liver, gallbladder, and exocrine pancreas -- Respiratory system -- Urinary system -- Male reproductive system -- Female reproductive system -- Eye and adnexa -- Special senses. | |
| 650 | 1 | 2 |
_aHistology _vAtlases. |
| 700 | 1 | _aNahirney, Patrick C. | |
| 700 | 1 |
_aNetter, Frank H. _q(Frank Henry), _d1906-1991. |
|
| 942 |
_2ddc _cBK |
||
| 999 |
_c60767 _d60767 |
||